ARRUPE JESUIT UNIVERSITY

CORONAVIRUS -STOP THE SPREAD - CLEAN,DISINFECT,COVER

Economics : (Record no. 131375)

MARC details
000 -LEADER
fixed length control field 01059cam a2200301 a 4500
001 - CONTROL NUMBER
control field 4001885
003 - CONTROL NUMBER IDENTIFIER
control field ARRUPE
005 - DATE AND TIME OF LATEST TRANSACTION
control field 20220506094624.0
008 - FIXED-LENGTH DATA ELEMENTS--GENERAL INFORMATION
fixed length control field 970801s1997 txua b 001 0 eng
010 ## - LIBRARY OF CONGRESS CONTROL NUMBER
LC control number 96084460
020 ## - INTERNATIONAL STANDARD BOOK NUMBER
International Standard Book Number 0030192692
040 ## - CATALOGING SOURCE
Original cataloging agency DLC
Transcribing agency DLC
Modifying agency DLC
050 00 - LIBRARY OF CONGRESS CALL NUMBER
Classification number HB171.5
Item number .G96 1997
082 00 - DEWEY DECIMAL CLASSIFICATION NUMBER
Classification number 330
Edition number 21
300 ## - PHYSICAL DESCRIPTION
Other physical details ill. (some col.) ;
Dimensions 27 cm.
245 00 - TITLE STATEMENT
Title Economics :
Remainder of title private and public choice /
Statement of responsibility, etc James D. Gwartney ... [et al.].
250 ## - EDITION STATEMENT
Edition statement 8th ed.
260 ## - PUBLICATION, DISTRIBUTION, ETC. (IMPRINT)
Place of publication, distribution, etc Fort Worth :
Name of publisher, distributor, etc Dryden Press,
Date of publication, distribution, etc c1997.
300 ## - PHYSICAL DESCRIPTION
Extent xxx, 1048 p. :
440 #4 - SERIES STATEMENT/ADDED ENTRY--TITLE
Title The Dryden Press series in economics
9 (RLIN) 51481
500 ## - GENERAL NOTE
General note Rev. ed. of: Economics / James D. Gwartney. 7th ed. 1995.
504 ## - BIBLIOGRAPHY, ETC. NOTE
Bibliography, etc Includes bibliographical references and index.
650 #0 - SUBJECT ADDED ENTRY--TOPICAL TERM
Topical term or geographic name as entry element Economics.
700 1# - ADDED ENTRY--PERSONAL NAME
Personal name Gwartney, James D.
Title of a work Economics.
9 (RLIN) 51482
856 7# - ELECTRONIC LOCATION AND ACCESS
Materials specified Table of contents
Uniform Resource Identifier <a href="http://lcweb.loc.gov/catdir/toc/96-84460.html">http://lcweb.loc.gov/catdir/toc/96-84460.html</a>
Access method http
906 ## - LOCAL DATA ELEMENT F, LDF (RLIN)
a 7
b cbc
c orignew
d 2
e opcn
f 19
g y-gencatlg
942 ## - ADDED ENTRY ELEMENTS (KOHA)
Source of classification or shelving scheme Library of Congress Classification
Koha item type Monograph ( Printed materials)
Holdings
Withdrawn status Lost status Source of classification or shelving scheme Damaged status Not for loan Collection code Home library Current library Shelving location Date acquired Total Checkouts Full call number Barcode Date last seen Price effective from Koha item type
    Library of Congress Classification     Main Collection ARRUPE LIBRARY ARRUPE LIBRARY Main Collection 06/05/2022   HB171.5 .G96 1997 46600008442 06/05/2022 06/05/2022 Monograph ( Printed materials)

 

Arrupe Library. PO Box MP320 Mt Pleasant, Harare, Zimbabwe
263 242 745411|librarian@aju.ac.zw